000 00425nam a22001697a 4500
005 20170822175042.0
008 140218b xxu||||| |||| 00| 0 eng d
020 _a0 582 64406 2
040 _aBSU
_dBSU
082 _222
_a828 NKO
100 _aNkosi,Lewis
_918233
245 _aHome and Exile and Other Selections
260 _aLondon
_bLongman
_c1983
300 _axi,164p.
_c20cm
658 _aLiterature
942 _2ddc
_cBK
999 _c8608
_d8608